000 01129nam a22003017a 4500
001 7874
003 FISKH
005 20250812162621.0
008 250812b cb ||||| |||| 00| 0 eng d
020 _a9780545642286
040 _aFISKH
_beng
_cFISKH
_dFISKH
050 _aPZ7.D9187 M
082 _a972
100 _aDungy, Tony
_d(1955-)
245 _aThe missing cupcake mystery /
_cWritten by Tony and Lauren Dungy with Nathan Whitaker ; Illustrated by Vanessa Brantley Newton
250 _aThis edition first published in 2013
260 _aNew York :
_bScholastic,
_c2013
300 _a30 unnumbered pages :
_bcolor illstrations ;
_c23 cm
505 _aG
520 _aJustin, Jordan, and Jade's mother agrees to buy cupcakes if the trio will wait until after dinner to eat them, but one cupcake goes missing and until the mystery is solved, no one will get dessert.
521 8 _a420
_bLexile
521 8 _aG
_bRaz-Plus
650 _2Honesty--Fiction
_aFic Ppl
650 _2LOCATION: Early Readers
_aBehavior Honesty
700 _aNewton, Brantley
_dillustrator
942 _2ddc
_cBK
_n0
999 _c7874
_d7874